Zákon o rozhodcovskom konaní

Dokončenie článku z HN č. 112/02 o zákone o rozhodcovskom konaní. Povinnosti rozhodcovského súdu. Dokazovanie. Neplnenie povinností účastníka rozhodcovského konania. Rozhodcovské rozhodnutie a rozsudok. Oprava a výklad rozhodcovského rozsudku. Zrušenie rozhodcovského rozsudku. Lehota na podanie žalo...

Ausführliche Beschreibung

Gespeichert in:
Bibliographische Detailangaben
1. Verfasser: Pauličková, Alena
Format: Buchkapitel
Sprache:Slowakisch
Schlagworte:
Tags: Tag hinzufügen
Keine Tags, Fügen Sie das erste Tag hinzu!

MARC

LEADER 00000naa a2200000 4500
001 r045509
005 20230925125841.1
041 0 |a slo 
044 |a SK 
245 1 0 |a Zákon o rozhodcovskom konaní  |c Alena Pauličková 
520 |a Dokončenie článku z HN č. 112/02 o zákone o rozhodcovskom konaní. Povinnosti rozhodcovského súdu. Dokazovanie. Neplnenie povinností účastníka rozhodcovského konania. Rozhodcovské rozhodnutie a rozsudok. Oprava a výklad rozhodcovského rozsudku. Zrušenie rozhodcovského rozsudku. Lehota na podanie žaloby. Postup po zrušení rozhodcovského rozsudku. Tuzemský a cudzí rozhodcovský rozsudok. 
610 2 0 |a konanie rozhodcovské 
610 2 0 |a zákony 
610 2 0 |a spory súdne 
610 2 0 |a Slovensko 
100 1 |a Pauličková, Alena